The Craving - twenty one pilots lyrics - Statistics

General Stats
  • This quiz has been taken 98 times
  • The average score is 141 of 166
Answer Stats
Answer % Correct
I
96%
i
96%
the
96%
a
94%
craving
92%
her
92%
her,
92%
in
92%
me
92%
and
90%
dont
90%
don't
90%
if
90%
know,
90%
know
90%
let
90%
more
90%
my
90%
now
90%
Now
90%
say
90%
Say
90%
she
90%
She
90%
that
90%
down
88%
found
88%
I'd
88%
mean
88%
much
88%
much.
88%
see
88%
wait
88%
wait,
88%
body
87%
did
87%
enough,
87%
for
87%
hope
87%
lay
87%
to
87%
intentions
85%
Intentions
85%
less
85%
think
85%
chains
83%
communicate
83%
looks
83%
own
83%
way
83%
of
81%
get
79%
just
79%
it
77%
Seems
77%
end
73%
wants
73%
can
71%
catch
71%
hate
71%
on
71%
take
71%
than
71%
will
71%
give
69%
this
69%
we
69%
but
67%
'Cause
67%
days,
67%
fear
67%
its
67%
Ride
67%
swear
67%
unknown
67%
wave
67%
every
65%
put
65%
away
63%
step
63%
gesture
62%
out
62%
cripples
54%
'till
52%
satiate
50%
Mm,
38%
No matching quizzes found
Score Distribution
Percent of People with Each Score
Percentile by Number Answered
Your Score History
You have not taken this quiz